000 00660nam a22001697a 4500
003 SGT
020 _a9789352601738
082 _a530,BAN
100 _aBANWELL,COLIN N
245 _aFUNDAMENTALS OF MOLECULAR SPECTROSCOPY
250 _a4TH
260 _aNEW DELHI
_bTMH
_c2016
300 _a308
650 _aPHYSICS,MOLECULAR SPECTROSCOPY
653 _a1: INTRODUCTION. 2: MICROWAVE SPECTROSCOPY. 3: INFRA-RED SPECTROSCOPY. 4: RAMAN SPECTROSCOPY. 5: ELECTRONIC SPECTROSCOPY OF ATOMS. 6: ELECTRONIC SPECTROSCOPY OF MOLECULES. 7: SPIN RESONANCE SPECTROSCOPY. 8: SOLID STATE AND SURFACE SPECTROSCOPIES. 9: MOSSBAUER SPECTROSCOPY.
942 _2ddc
_cFPS
_03
999 _c9853
_d9853